10 unbeliebtesten Smileys - Statistiken

Allgemein
  • Dieses Quiz wurde 20 mal gespielt
  • Das Durchschnittsergebnis liegt bei 2 aus 10
Antwortstatistiken
Hint Antwort % Korrekt
5 Glatzkopf Emoji
39%
8 Aubergine Emoji
33%
1 Kein Trinkwasser Emoji
28%
6 Emoji mit grauen Haaren
17%
3 Luftseilbahn Emoji
17%
2 Seilbahn Emoji
17%
4 Fahne von Guadeloupe
11%
9 Faust Emoji
6%
10 Teufelchen Gesicht
6%
7 Zwinker Smiley (Die eine quelle sagt top 3 beliebtesten die andere top 10 der unbeliebtesten)
6%
Keine übereinstimmenden Quizze gefunden
Verteilung der Resultate
Anzahl Personen mit jedem Resultat
Perzentil nach korrekt beantworteten Fragen
Ihre Resultats-Entwicklung
Sie haben dieses Quiz noch nicht gespielt